| 000 | 01719cam a22004334i 4500 | ||
|---|---|---|---|
| 003 | PE-LiUPU | ||
| 005 | 20250731183438.0 | ||
| 008 | 150706s r 000 0 d | ||
| 020 | _a9789682480348 | ||
| 035 | _a(Sirsi) i9789682480348 | ||
| 040 |
_aPE-LiUPU _bspa _cPE-LiUPU _erda |
||
| 049 | _aPRUA | ||
| 082 | 0 | 4 |
_a747.78 _bH53 _221 |
| 100 | 1 |
_aHillstrom, Susan Boyle, _eautor. |
|
| 245 | 1 | 0 |
_aDiseño de baños : _bproductos, ideas, materiales / _cSusan Boyle Hillstrom . |
| 264 | 1 |
_aMéxico, D.F. : _bTrillas, _c2007. |
|
| 300 |
_a224 páginas : _bilustraciones ; _c27 cm. |
||
| 336 |
_atext _2rdacontent |
||
| 337 |
_aunmediated _2rdamedia |
||
| 338 |
_avolume _2rdacarrier |
||
| 500 | _aTítulo de esta obra en inglés: Desing Ideas for Bathrooms. | ||
| 505 | 0 | _aComience con lo básico -- Baño y regadera -- Las superficies -- El lavabo y el retrete -- Tocadores y almacenamiento -- Luz y aire -- Póngale estilo. | |
| 526 | _aP158 | ||
| 526 | _aP146 | ||
| 526 | _aP17 | ||
| 526 | _aP12 | ||
| 526 | _aP06 | ||
| 541 | _g015-001533; | ||
| 650 | 0 | 4 | _aDecoración de interiores. |
| 650 | 0 | 4 |
_aCuartos de baño _xDiseños. |
| 650 | 0 | 4 |
_aCuartos de baño _xDecoración. |
| 650 | 0 | 4 | _aCuartos de baños. |
| 910 |
_cng _d20120527 |
||
| 942 |
_2ddc _cBOOK |
||
| 949 |
_a747.78 H53 _wDEWEY _c1 _i67275 _lCCODEBUL1 _mBUL _p65.00 _r0 _sY _tBOOK _u2015-7-6 _xINGENIERIA _PP25 _o.STAFF. Colección General |
||
| 994 |
_aC0 _bPEPRU |
||
| 596 | _a1 | ||
| 999 |
_a747.78 H53 _wDEWEY _c54864 _i67275 _d54864 _f2021-11-10 _g7 _lCCODEBUL1 _mBUL _p65.00 _q2 _r0 _sY _tBOOK _u2015-7-6 _xINGENIERIA _PP25 _0COMPRA _o.STAFF. Colección General |
||
| 980 |
_81 _gALBERTO SANCHEZ Responsable de Automatización |
||